000 01025nam a22002657a 4500
001 BRCA_9292
003 FranzMayer
005 20230724130444.0
008 230724b |||||||| |||| 00| 0 eng d
040 _aMFM
_besp
_cMFM
050 4 _aLM33
_bZ36 1688
082 _2F1231
100 1 _4Responsable
_aSarmiento de Mendoza, Manuel
_928953
240 1 _aConquista de la Nueva España
_lespañol
245 0 _aConquista dela Nueva España
260 _aMéxico
_c1688
300 _a548 p
_c28 cm
500 _aEl libro fue dañado y reparado, por lo que contienen pedazos de hojas que no pertenecen al mismo
500 _aEn varias hojas del libro, presenta anotaciones con lápiz o tinta
500 _aAl libro le faltan partes como la carátula u otros elementos
505 _aTexto en: españolDirigido a: Historiadores, sociólogos, antropólogos
630 1 _aEspaña
_lLatinoamerica
_tNueva España
_928954
648 2 _2Virreinato español
_aConquista de Latinoamérica
_v1535-1810
_928955
942 _2lcc
_cB
999 _c10912
_d10912